000 00276nam a22001097a 4500
008 170110b xxu||||| |||| 00| 0 eng d
020 _a999600046X
041 _aeng
080 _23RD
_a618.2
245 _aHEALTH ASSESMENT FOR NURSING PRACTICE
_cWILSON & GIDDENS
942 _2udc
_cBK
999 _c2619
_d2619